| 000 | 00367nam a22001457a 4500 | ||
|---|---|---|---|
| 005 | 20260520145147.0 | ||
| 020 | _a9781639877379 | ||
| 082 | _a660ALL | ||
| 100 | _aAllison, Lewis | ||
| 245 | _aChemical Engineering: operations and applications | ||
| 260 |
_aNew York: _bMurphy & Moore, _c2023. |
||
| 300 | _a240p. ; | ||
| 650 | _aChemical Engineering | ||
| 942 | _cBK | ||
| 999 |
_c68890 _d68887 |
||